000 00393 a2200133 4500
000 nam a22 7a 4500
100 _aआदेश परिहार
110 _aआदेश परिहार
245 _aभारत में डिजिटल करेंसी का उभार
250 _alatest edition
260 _bnisha
_c2024
264 _bnisha
_c2024
942 _cBK
999 _c395479
_d395479